Statistiques concernant Pays du Commonwealth avec une carte

Cliquez ici pour prendre le quiz!

Statistiques générales

  • Ce quiz a été pris 593 fois
  • Le résultat moyen est 33 sur 53

Réponses sur la Carte

Les réponses sont colorées sur une échelle allant du rouge au vert en fonction du pourcentage des utilisateurs qui les ont devinées à leur premier essai. Vous pouvez retrouver ces pourcentages ci-dessous.
 

Statistiques - réponses

Pays% Correct
Australie
96%
Canada
95%
Inde
91%
Royaume-Uni
90%
Afrique du Sud
89%
Nouvelle-Zélande
89%
Kenya
77%
Tanzanie
70%
Pakistan
69%
Fidji
68%
Lesotho
68%
Jamaïque
67%
Barbade
66%
Botswana
66%
Bahamas
65%
Bangladesh
65%
Namibie
65%
Zambie
65%
Nigeria
64%
Sri Lanka
63%
Eswatini
62%
Ghana
61%
Tonga
61%
Antigua-et-Barbuda
59%
Saint-Christophe-
et-Niévès
59%
Saint-Vincent-et-les-
Grenadines
59%
Mozambique
58%
Ouganda
58%
Sainte-Lucie
58%
Samoa
58%
Seychelles
58%
Kiribati
57%
Salomon
57%
Vanuatu
57%
Tuvalu
56%
Dominique
55%
Grenade
55%
Malawi
55%
Nauru
55%
Île Maurice
54%
Papouasie-Nouvelle-
Guinée
54%
Malte
53%
Rwanda
53%
Belize
51%
Malaisie
51%
Trinité-et-Tobago
51%
Singapour
50%
Guyana
46%
Sierra Leone
45%
Cameroun
44%
Chypre
44%
Gambie
44%
Brunei
37%

Distribution des résultats

Percentile par nombre de réponses

% des personnes avec chaque résultat

Votre développement - résultats

Vous n’avez pas pris ce quiz